000 nam a22 7a 4500
999 _c9742
_d9742
008 180207b ||||| |||| 00| 0 eng d
100 _aBlyton, E
_95846
245 _aWeldone secret seven
260 _aLondon
_bHadder Publication
_c2004